000
00317nam a22001457a 4500
008
210308b ||||| |||| 00| 0 eng d
020
_a
9781572305465
041
_a
eng
080
_a
37
082
_a
37
100
_a
25
101
_a
EDU
245
_a
Exploring the Literature of Fact
_c
Moss, B
942
_2
udc
_c
BK
999
_c
55941
_d
55941